ბათუმის შოთა რუსთაველის სახელმწიფო უნივერსიტეტის ბიბლიოთეკა

Задачи по физике и методы их решения. (ბიბ.ჩანაწერი № 38718)

000 -LEADER
fixed length control field 00645nam a2200217Ia 4500
001 - CONTROL NUMBER
control field 5013
003 - CONTROL NUMBER IDENTIFIER
control field GE_BSU
008 - FIXED-LENGTH DATA ELEMENTS--GENERAL INFORMATION
fixed length control field 181216s||||||||xx |||||||||||||| ||und||
040 ## - CATALOGING SOURCE
Transcribing agency GE_BSU
080 ## - UNIVERSAL DECIMAL CLASSIFICATION NUMBER
Universal Decimal Classification number 53(072)
100 ## - MAIN ENTRY--PERSONAL NAME
Personal name Балаш, В.А.
245 ## - TITLE STATEMENT
Title Задачи по физике и методы их решения.
245 ## - TITLE STATEMENT
Remainder of title Пособие для учителя.
250 ## - EDITION STATEMENT
Edition statement изд 4-Е, перераб. и доп.
260 ## - PUBLICATION, DISTRIBUTION, ETC.
Place of publication, distribution, etc. Москва
260 ## - PUBLICATION, DISTRIBUTION, ETC.
Name of publisher, distributor, etc. Просвещение
260 ## - PUBLICATION, DISTRIBUTION, ETC.
Date of publication, distribution, etc. 1983
300 ## - PHYSICAL DESCRIPTION
Extent 430 с. 22 см.
653 ## - INDEX TERM--UNCONTROLLED
Uncontrolled term Задачи по физике и методы их решения.
942 ## - ADDED ENTRY ELEMENTS (KOHA)
Koha item type წიგნი
ეგზემპლარები
Withdrawn status Lost status Damaged status Not for loan Date acquired Barcode Date last seen Price effective from Koha item type Public note
        2018-12-17 15666 2018-12-17 2018-12-17 წიგნი დარბაზი